| 000 | 00422nam a2200169Ia 4500 | ||
|---|---|---|---|
| 008 | 230524s9999 xx 000 0 und d | ||
| 020 | _a9781107439870 | ||
| 082 |
_a4.68 _bKRI |
||
| 100 |
_aBhaskar Krishnamachari _943947 |
||
| 245 | 0 | _aNetworking Wireless Sensors | |
| 250 | _a1 | ||
| 260 |
_aNew Delhi _bCambridge _c2016 |
||
| 300 | _a"XII,202p;" | ||
| 500 | _aQuantity Number: 1 | ||
| 650 | _aComp.Sc | ||
| 942 | _cBK | ||
| 999 |
_c59569 _d59569 |
||